| 000 | 00575nam a2200229 a 4500 | ||
|---|---|---|---|
| 005 | 20210219153342.0 | ||
| 008 | 991125n 000 0 u | ||
| 035 | _aUPN01000093212 | ||
| 100 | _aGoldberg, Mark F. | ||
| 222 | _aEDUCATIONAL LEADERSHIP | ||
| 245 | _aA portrait of Albert Shanker | ||
| 300 | _a46-49 | ||
| 362 | _a50, No. 6, 1993 | ||
| 505 | _aJulio 1993 | ||
| 653 | 0 | _aANTISEMITISMO | |
| 653 | 0 | _aBIOGRAFIA | |
| 653 | 0 | _aDISCRIMINACION RACIAL | |
| 653 | 0 | _aHUELGA DE MAESTROS | |
| 653 | 0 | _aSINDICATOS | |
| 904 |
_aAC _b031023 |
||
| 905 | _aArticulo | ||
| 999 |
_c74610 _d74610 |
||